Best NBA player for every jersey number - Statistics

General Stats
  • This quiz has been taken 37 times
  • The average score is 28 of 91
Answer Stats
Hint Answer % Correct
6 LeBron James
100%
23 Michael Jordan
96%
34 Shaquille O'Neal
83%
44 Jerry West
75%
24 Kobe Bryant
75%
32 Magic Johnson
75%
0 Russell Westbrook
75%
15 Nikola Jokić
71%
50 David Robinson
67%
33 Kareem Abdul-Jabbar
67%
7 Kevin Durant
67%
35 Kevin Durant
67%
70 Dennis Rodman
63%
77 Luka Dončić
63%
8 Scottie Pippen
63%
30 Stephen Curry
63%
13 Wilt Chamberlain
63%
3 Allen Iverson
58%
41 Dirk Nowitzki
54%
5 Kevin Garnett
54%
21 Tim Duncan
54%
20 Gary Payton
46%
97 Brodric Thomas
42%
1 Derrick Rose
42%
11 Isiah Thomas
42%
12 John Stockton
42%
16 Pau Gasol
42%
14 Bob Cousy
38%
83 Craig Smith
38%
55 Dikembe Mutombo
38%
22 Elgin Baylor
38%
99 George Mikan
38%
54 Horace Grant
38%
85 Baron Davis
33%
9 Bob Pettit
33%
39 Caldwell Jones
33%
4 Chris Webber
33%
84 Chris Webber
33%
2 Kawhi Leonard
33%
40 Shawn Kemp
33%
00 Aaron Gordon
29%
91 Blake Griffin
29%
42 James Worthy
29%
17 John Havlicek
29%
31 Reggie Miller
29%
10 Tim Hardaway
29%
45 Donovan Mitchell
25%
37 Metta Sandiford-Artest
25%
93 Metta Sandiford-Artest
25%
36 Marcus Smart
21%
19 Willis Reed
21%
43 Jack Sikma
17%
95 Juan Toscano-Anderson
17%
49 Shandon Anderson
17%
53 Artis Gilmore
13%
51 Boban Marjanović
13%
52 Jamaal Wilkes
13%
60 Jonathan Gibson
13%
29 Paul Silas
13%
27 Rudy Gobert
13%
76 Shawn Bradley
13%
67 Taj Gibson
13%
28 Alperen Şengün
8%
47 Andrei Kirilenko
8%
18 Austin Reaves
8%
25 Ben Simmons
8%
63 Coty Clarke
8%
71 Dennis Schröder
8%
57 Hilton Armstrong
8%
98 Jason Collins
8%
81 José Calderón
8%
26 Kyle Korver
8%
48 Nazr Mohammed
8%
88 Nicolas Batum
8%
59 Rayjon Tucker
8%
38 Saben Lee
8%
62 Scot Pollard
8%
66 Scot Pollard
8%
65 Alex Reese
4%
89 Clyde Lovellette
4%
92 DeShawn Stevenson
4%
96 Don Ray
4%
90 Drew Gooden
4%
94 Evan Fournier
4%
56 Francisco Elson
4%
58 Jack McVeigh
4%
72 Jason Kapono
4%
46 John Konchar
4%
68 Milt Schoon
4%
61 Pat Spencer
4%
86 Semih Erden
4%
No matching quizzes found
Score Distribution
Percent of People with Each Score
Percentile by Number Answered
Your Score History
You have not taken this quiz